The scarlet letter

Zapisane w:
Opis bibliograficzny
1. autor: Hawthorne, Nathaniel (Autor)
Format: Książka
Język:angielski
Wydane: Londres Wordsworth 1993
Seria:Wordsworth Classics
Hasła przedmiotowe:
Etykiety: Dodaj etykietę
Nie ma etykietki, Dołącz pierwszą etykiete!

MARC

LEADER 00000nam a2200000 a 4500
001 UCY4177
003 CL-VaPUC
008 950302e19930000UK |||||||||||||||||eng|d
082 0 4 |a 813  |b HAW  |2 21 
100 |a Hawthorne, Nathaniel  |e author  |9 351990 
245 1 4 |a The scarlet letter 
300 |a 316 p 
942 |c BK 
945 |d 19950302 00:00:00  |a rbrito 
260 |a Londres  |b Wordsworth  |c 1993 
650 0 |a Novelas inglesas  |9 265220 
583 |a last modification  |c 20171122 05:23:18  |k Rodrigo Vera 
490 0 |a Wordsworth Classics 
999 |c 232117  |d 232115 
952 |0 0  |1 0  |4 0  |6 813_000000000000000_HAW_1993  |7 0  |8 R  |9 236157  |a BIBEDU  |b BIBEDU  |c MCIRC  |d 2019-11-15  |i 3051676  |o 813 HAW 1993  |p 3051676  |r 2023-01-13  |w 2019-11-15  |y BK_R  |k LIT